BusinessWeek European edition

Gespeichert in:
Bibliographische Detailangaben
Format: Schriftenreihe
Sprache:Englisch
Veröffentlicht: New York McGraw-Hill 2002
Schlagworte:
Tags: Tag hinzufügen
Keine Tags, Fügen Sie das erste Tag hinzu!

MARC

LEADER 00000nas2a22000001 4500
001 0038993
005 20231130111142.5
022 |a 0007-7135 
041 0 |a eng 
044 |a US 
245 1 0 |a BusinessWeek  |b European edition 
264 1 |a New York  |b McGraw-Hill  |c 2002 
773 0 |w eu_un_cat*s120097 
610 2 0 |a obchod medzinárodný